000 01194nam a22002897a 4500
999 _c1104
_d1104
003 AR-CdUCM
008 190226b ||||| |||| 00| 0 spa d
020 _a968160637X
040 _aMUNICIPALIDAD PROVINCIAL DEL CUSCO
_cBIBLIOTECA MUNICIPAL DEL CUSCO
041 _hita
082 _a379 /
_bA11
100 _aAbbagnano, Nicola
_94300
245 _aHistoria de la pedagogía /
260 _aMéxico, D.F :
_bFondo de Cultura Económica,
_c1996.
300 _a709 páginas ;
_c23 cm.
440 _aSección obras de filosofía
_94301
500 _aTítulo original: Lince distoria della pedagogia
505 _aLa cultura y la educación en la antigüedad -- Los sofistas y Sócrates -- La educación en el mundo helenístico- romano -- La educación cristiana primitiva y la patrística -- La escuela Franciscana de Oxford -- La renovación pedagógica en el siglo XVII ...
650 _aLa ilustración
_94302
650 _aEducación Humanistica
_94303
650 _aImmanuel Kant
_94304
650 _aIlustración
_94305
700 _aVisalberghi, Aldo.
_94306
700 _aHernández Campo, Jorge (traductor)
_94307
942 _2ddc
_cLIBROS
945 _araen
_d2019-02-26